|
|
|
|
| LEADER |
00000nam a2200000 a 4500 |
| 001 |
vtls001180675 |
| 003 |
SK-MaSNL |
| 005 |
20260301233904.0 |
| 008 |
240226s18uu hu a slo |
| 015 |
|
|
|a SNBHFA18uu
|
| 020 |
|
|
|q (viaz.)
|
| 035 |
|
|
|a SNK000123677
|
| 035 |
|
|
|a urn:nbn:sk:snk-am3igsz
|
| 035 |
|
|
|a E4163227-84EA-4BD4-AE85-5BEA27036935
|
| 035 |
|
|
|a urn:nbn:sk:snk-am00edhx
|
| 040 |
|
|
|a SNK
|b slo
|c SNK
|e AACR2
|
| 041 |
0 |
|
|a slo
|
| 044 |
|
|
|a hu
|c HU
|
| 072 |
|
7 |
|a 2
|x Náboženstvo
|2 konspekt
|
| 080 |
|
|
|a 21/29-1/-9
|2 2011
|
| 130 |
0 |
|
|a [Rajská ruža]
|9 629125
|
| 245 |
1 |
|
|a [Rajská ruža ... ] nábožných modliteb
|b k predivným a zázračným Obrazom Panny Márie, na každý deň mesiaca cez celý rok; tiež iné výborné modlitby s ľúbeznými spevmi Duše Kresťanské k povinnej chvále a úcte božskej a k úcte svätých povzbudzujúce
|
| 260 |
|
|
|a V Budapešti
|b Kníhtlačiarňa Kolomana Rózsa a jeho manželky (predtým A. Bucsánszky)
|c [19. stor.]
|
| 300 |
|
|
|a [16] 342 strán
|c 16 cm
|
| 500 |
|
|
|a Titulný list v ozdobnom rámčeku, početné ilustrácie
|
| 562 |
|
|
|a Defektný exemplár, poškodený titulný list, chýbajúce strany v závere tlače.
|5 SNK SE 274
|
| 563 |
|
|
|a Zložená väzba, zamatový chrbát, dosky v kovovom ráme, ozdobná spona
|5 SNK SE 274
|
| 610 |
1 |
7 |
|a Rímskokatolícka cirkev
|2 SNKKA
|9 32394
|
| 650 |
0 |
7 |
|a duchovný život
|2 SNK
|9 1807
|
| 655 |
|
7 |
|a modlitby
|2 SNKPH
|9 70550
|
| 710 |
2 |
|
|a Rózsa, Koloman a manželka (Budapešť, Maďarsko)
|4 prt
|9 359482
|
| 752 |
|
|
|a Maďarsko
|d Budapesť
|
| 852 |
|
|
|a snk
|p 274
|
| 958 |
|
|
|a ONDV
|
| 999 |
|
|
|c 968024
|d 969954
|
| 952 |
|
|
|a SNK
|b SNK
|y PREZ
|7 0
|p 17A0731535
|o snkSE 274
|i snkK 2019/95
|8 3
|0 0
|1 0
|4 0
|d 2017-06-23
|f 1
|l 0
|r 2026-02-24 10:42:02
|w 2026-02-24
|